Record of surface geological mapping of the Balaria hill (Zamar area) distt Udaipur Rajasthan (Record no. 40648)
[ view plain ]
| 000 -LEADER | |
|---|---|
| fixed length control field | 00375nam a2200133Ia 4500 |
| 008 - FIXED-LENGTH DATA ELEMENTS--GENERAL INFORMATION | |
| fixed length control field | 230917s9999||||xx |||||||||||||| ||und|| |
| 040 ## - CATALOGING SOURCE | |
| -- | 93465 |
| Original cataloging agency | VIVEKANANDA LIBRARY |
| 041 ## - Language | |
| -- | English |
| 082 ## - DDC NUMBER | |
| Classification number | 555.44 Y11R |
| 100 ## - MAIN ENTRY--PERSONAL NAME | |
| Personal name | Yadav, Kanwar Singh |
| 245 #0 - TITLE STATEMENT | |
| Title | Record of surface geological mapping of the Balaria hill (Zamar area) distt Udaipur Rajasthan |
| 300 ## - PHYSICAL DESCRIPTION | |
| Pages | 57 p. |
| 942 ## - ADDED ENTRY ELEMENTS (KOHA) | |
| Koha item type | Thesis |
| Withdrawn status | Lost status | Damaged status | Not for loan | Location (home branch) | Sublocation or collection (holding branch) | Shelving location | Date acquired | Koha issues (times borrowed) | Koha full call number | Accession No. | Koha date last seen | Koha item type |
|---|---|---|---|---|---|---|---|---|---|---|---|---|
| VIVEKANANDA LIBRARY | VIVEKANANDA LIBRARY | Reference | 25/06/2003 | 555.44 Y11R | 106588 | 17/09/2023 | Thesis |
